El conocimiento de la pintura / (Record no. 31975)

MARC details
000 -LEADER
campo de control de longitud fija 00998nam a2200289 i 4500
001 - NÚMERO DE CONTROL
campo de control 31975
003 - IDENTIFICADOR DE NÚMERO DE CONTROL
campo de control ES-MaACL
005 - FECHA Y HORA DE LA ÚLTIMA TRANSACCIÓN
campo de control 20250804064859.0
007 - CAMPO FIJO DE DESCRIPCIÓN FÍSICA--INFORMACIÓN GENERAL
campo de control de longitud fija t|
008 - DATOS DE LONGITUD FIJA--INFORMACIÓN GENERAL
campo de control de longitud fija 030130s1976 sp ||||1| spa d
020 ## - NÚMERO INTERNACIONAL ESTÁNDAR DEL LIBRO
Número Internacional Estándar del Libro 84-279-0850-4
100 1# - ENTRADA PRINCIPAL--NOMBRE DE PERSONA
Nombre de persona Berger, René.
9 (RLIN) 27968
245 13 - MENCIÓN DEL TÍTULO
Título El conocimiento de la pintura /
Mención de responsabilidad, etc. René Berger ; traducción, Luis Monreal y Tejada.
250 ## - MENCION DE EDICION
Mención de edición 2ª ed.
260 ## - PUBLICACIÓN, DISTRIBUCIÓN, ETC.
Lugar de publicación, distribución, etc. Barcelona ;
-- Madrid :
Nombre del editor, distribuidor, etc. Noguer,
Fecha de publicación, distribución, etc. 1976.
300 ## - DESCRIPCIÓN FÍSICA
Extensión 3 v. :
Otras características físicas il. ;
Dimensiones 18 cm.
490 1# - MENCIÓN DE SERIE
Mención de serie Libros de bolsillo Noguer ;
Designación de volumen o secuencia 44-46
500 ## - NOTA GENERAL
Nota general Bibliografía e índices en v. 3.
505 8# - NOTA DE CONTENIDO CON FORMATO
Nota de contenido con formato Contiene: V. I: El arte de verla. -- V. II: El arte de comprenderla. V. III: El arte de apreciarla
700 1# - ENTRADA AGREGADA--NOMBRE PERSONAL
Nombre de persona Monreal y Tejada, Luis.
9 (RLIN) 82276
740 3# - ENTRADA AGREGADA--TÍTULO RELACIONADO/ANALÍTICO NO CONTROLADO
Título relacionado o analítico no controlado El arte de verla.
740 3# - ENTRADA AGREGADA--TÍTULO RELACIONADO/ANALÍTICO NO CONTROLADO
Título relacionado o analítico no controlado El arte de comprenderla.
740 3# - ENTRADA AGREGADA--TÍTULO RELACIONADO/ANALÍTICO NO CONTROLADO
Título relacionado o analítico no controlado El arte de apreciarla.
830 00 - PUNTO DE ACCESO ADICIONAL DE SERIE-TÍTULO UNIFORME
Título uniforme Libros de bolsillo Noguer
Designación de volumen o secuencia 44-46
9 (RLIN) 181960
852 ## - LOCALIZACIÓN
Ubicación ES-MaACL
Número de control de estantería L-11078-80
Sublocalización o colección R.113045
Holdings
Estatus retirado Estado de pérdida Estado de daño No para préstamo Biblioteca de origen Biblioteca actual Ubicación en estantería Fecha de adquisición Fuente de adquisición Total de préstamos Signatura topográfica completa Código de barras Visto por última vez Precio de reemplazo Tipo de ítem Koha
        Biblioteca del Ateneo de Madrid Biblioteca del Ateneo de Madrid Depósito 2 17/01/2008     L-11078-80 1033072 23/02/2023 23/02/2023 Libro impreso